Online
Catalog

Bug-Jargal / (Record no. 4513)

MARC details
000 -CABECERA
campo de control de longitud fija 00762cam a2200217 a 4500
001 - NÚMERO DE CONTROL
campo de control 000004707
005 - FECHA Y HORA DE LA ÚLTIMA TRANSACCIÓN
campo de control 20200929151504.0
008 - DATOS DE LONGITUD FIJA--INFORMACIÓN GENERAL
campo de control de longitud fija 910819s1972 sp 000 f spa
040 ## - FUENTE DE LA CATALOGACIÓN
Centro catalogador/agencia de origen DO-SdBNP
Lengua de catalogación spa
Centro/agencia transcriptor BNPHU
082 ## - NÚMERO DE LA CLASIFICACIÓN DECIMAL DEWEY
Número de clasificación 843.7
Número de documento/Ítem H895b
100 1# - ENTRADA PRINCIPAL--NOMBRE DE PERSONA
Nombre de persona Hugo, Víctor,
Fechas asociadas al nombre 1802-1885.
9 (RLIN) 13708
245 10 - MENCIÓN DE TÍTULO
Título Bug-Jargal /
Mención de responsabilidad, etc. Víctor Hugo ; traducción de F. Santos.
260 ## - PUBLICACIÓN, DISTRIBUCIÓN, ETC.
Lugar de publicación, distribución, etc. Madrid :
Nombre del editor, distribuidor, etc. DONCEL,
Fecha de publicación, distribución, etc. 1972.
300 ## - DESCRIPCIÓN FÍSICA
Extensión 237 p. ;
Dimensiones 19 cm.
490 1# - MENCIÓN DE SERIE
Mención de serie Libro joven de bolsillo
Designación de volumen o secuencia 15
520 ## - SUMARIO, ETC.
Sumario, etc. Primera nuvela escrita por Víctor Hugo su primera redacción, en forma de cuento largo, data de 1819
650 #4 - PUNTO DE ACCESO ADICIONAL DE MATERIA--TÉRMINO DE MATERIA
Término de materia o nombre geográfico como elemento de entrada Novela francesa
9 (RLIN) 1075
650 #4 - PUNTO DE ACCESO ADICIONAL DE MATERIA--TÉRMINO DE MATERIA
Término de materia o nombre geográfico como elemento de entrada Literatura francesa
Subdivisión cronológica SIGLO XIX
9 (RLIN) 5031
700 1# - PUNTO DE ACCESO ADICIONAL--NOMBRE DE PERSONA
Nombre de persona Santos, F.,
Término indicativo de función/relación tr.
9 (RLIN) 13712
830 #0 - PUNTO DE ACCESO ADICIONAL DE SERIE-TÍTULO UNIFORME
Título uniforme Libro joven de bolsillo
Número de parte o sección de la obra 15
9 (RLIN) 13713
Holdings
Estado de retiro Estado de pérdida Restricciones de uso No para préstamo Código de colección Localización permanente Ubicación/localización actual Ubicación en estantería Fecha de adquisición Número de inventario Total de préstamos Signatura topográfica completa Código de barras Fecha visto por última vez Número de copia Precio válido a partir de Tipo de ítem Koha
  Extraviado     Monografías: Libros y Folletos General General Extraviado 22.05.2017 LF1   843.7 H895b 4707-40 25.06.2020 e. 4 25.06.2020 Préstamo en sala
      Excluido de préstamo Monografías: Libros y Folletos General General Depósito 24.07.2009 LF1   843.7 H895b 4707-10 25.06.2020   25.06.2020 No se presta
  Extraviado   Excluido de préstamo Monografías: Libros y Folletos General General Extraviado 24.07.2009 LF1   843.7 H895b 4707-20 25.06.2020 e. 2 25.06.2020 No se presta
  Extraviado     Monografías: Libros y Folletos General General Extraviado 25.07.2009 LF1   843.7 H895b 4707-30 25.06.2020 e. 3 25.06.2020 Préstamo en sala

Powered by Koha